| 000 | 00994nam a2200217Ia 4500 | ||
|---|---|---|---|
| 003 | Ost | ||
| 005 | 20260507075557.0 | ||
| 008 | 260507s9999||||xx |||||||||||||| ||und|| | ||
| 040 | _cfsecg | ||
| 041 | _aara | ||
| 082 | _a330 | ||
| 100 |
_aطه، طارق _eمؤلف |
||
| 245 | 0 |
_aالتسويق والتجارة الالكترونية / _c طارق طه |
|
| 260 |
_aالاسكندرية: _bدار المعارف للنشر والتوزيع, _c2005 |
||
| 300 |
_a644 صفحة؛ _bإيضاحات ؛ _c24 سم |
||
| 504 | _aمراجع ص. 640 | ||
| 520 | _aاساسيات التسوق و كذا الاسواق (التقسييم القطاعي للسوق, استهداف السوق, خلق المركز السوقي) السلوك الشرائي, التسويق العالمي و استراتيجيات المزيج السوقي (المنتج و السعر/المكان و الترويج) | ||
| 653 | _aالتجارة الاكترونية | ||
| 653 | _aالتسويق | ||
| 942 | _cكتاب | ||
| 999 |
_c44976 _d44976 |
||